000 00481nam a2200169Ia 4500
008 210423s2012 xx 000 0 und d
020 _a9780415609975
041 _aeng
082 _a404.2 WEBJ
100 _aWEBER (Jean-Jacques);HORNER (Kristine)
245 _aIntroducing multilingualism: a social approach
260 _bRoutledge
_c2012
300 _ax,214
_bPB
365 _b1845
_cINR
650 _aLanguage
906 _aapproach ; Introducing ; multilingualism: ; social
999 _c161111
_d161111